Tu hijo / (Record no. 147997)

MARC details
000 -LEADER
campo de control de longitud fija 00708nam a2200229 i 4500
001 - NÚMERO DE CONTROL
campo de control 147997
003 - IDENTIFICADOR DE NÚMERO DE CONTROL
campo de control ES-MaACL
005 - FECHA Y HORA DE LA ÚLTIMA TRANSACCIÓN
campo de control 20250828023342.0
007 - CAMPO FIJO DE DESCRIPCIÓN FÍSICA--INFORMACIÓN GENERAL
campo de control de longitud fija t|
008 - DATOS DE LONGITUD FIJA--INFORMACIÓN GENERAL
campo de control de longitud fija 070214s1954 sp r ||||1| spa d
100 1# - ENTRADA PRINCIPAL--NOMBRE DE PERSONA
Nombre de persona Spock, Benjamin.
9 (RLIN) 107778
245 10 - MENCIÓN DEL TÍTULO
Título Tu hijo /
Mención de responsabilidad, etc. Benjamin Spock ; adaptación española por A. Ballabriga, J. Obiols ; traducción de A. Torra.
260 ## - PUBLICACIÓN, DISTRIBUCIÓN, ETC.
Lugar de publicación, distribución, etc. Barcelona :
Nombre del editor, distribuidor, etc. Daimon,
Fecha de publicación, distribución, etc. 1954.
300 ## - DESCRIPCIÓN FÍSICA
Extensión 502 p. ;
Dimensiones 21 cm.
650 ## - PUNTO DE ACCESO ADICIONAL DE MATERIA--TÉRMINO DE MATERIA
Término de materia o nombre geográfico como elemento de entrada Niños-
Subdivisión general Salud e higiene.
9 (RLIN) 15557
650 07 - PUNTO DE ACCESO ADICIONAL DE MATERIA--TÉRMINO DE MATERIA
Término de materia o nombre geográfico como elemento de entrada Educación de niños
Fuente del encabezamiento o término embne
9 (RLIN) 12099
700 1# - ENTRADA AGREGADA--NOMBRE PERSONAL
Nombre de persona Ballabriga, A.
9 (RLIN) 24961
700 1# - ENTRADA AGREGADA--NOMBRE PERSONAL
Nombre de persona Obiols, J.
9 (RLIN) 86405
700 1# - ENTRADA AGREGADA--NOMBRE PERSONAL
Nombre de persona Torra, A.
9 (RLIN) 110700
852 ## - LOCALIZACIÓN
Ubicación ES-MaACL
Número de control de estantería C-5823
Holdings
Estatus retirado Estado de pérdida Estado de daño No para préstamo Biblioteca de origen Biblioteca actual Ubicación en estantería Fecha de adquisición Fuente de adquisición Total de préstamos Signatura topográfica completa Código de barras Visto por última vez Precio de reemplazo Tipo de ítem Koha
        Biblioteca del Ateneo de Madrid Biblioteca del Ateneo de Madrid Sala Palomar 17/01/2008     C-5823 1154451 23/02/2023 23/02/2023 Libro impreso